000 00485nam a2200169 i 4500
001 45612
003 ES-MaACL
005 20230906161239.0
007 t|
008 030326s1939 sp ||||1| spa d
100 1 _aColmeiro Laforet, Carlos
_939772
245 1 4 _aLas increciones del ovario /
_cCarlos Colmeiro-Laforet.
260 _aLa Coruña :
_b[s.n.,
_c1939] (
_fImp. Moret)
300 _a264 p. ;
_c19 cm.
852 _aES-MaACL
_jA-5342
_bR.18673
999 _c45612
_d45612